Východiskové predpoklady výkonu práce a ďalšie vzdelávanie zamestnancov

Salvato in:
Dettagli Bibliografici
Autore principale: Matulčíková, Marta, 1964-
Natura: Capitolo di libro
Lingua:slovacco
Tags: Aggiungi Tag
Nessun Tag, puoi essere il primo ad aggiungerne!!

MARC

LEADER 00000naa$a2200000$$$4500
001 0061551
005 20240502083147.5
041 0 |a slo 
044 |a CZ 
245 1 0 |a Východiskové predpoklady výkonu práce a ďalšie vzdelávanie zamestnancov  |c Marta Matulčíková 
100 1 |a Matulčíková, Marta, 1964-